Správa hlavného kontrolóra košického VÚC V.Farkaša dáva podnet na odvolanie viacerých riaditeľov ... regionálna samospráva

Bibliographic Details
Main Author: Kizek, Marián (Author)
Corporate Author: Košický samosprávny kraj (Slovensko). Úrad (Author)
Format: Article
Language:Slovak
PhysicalDescription:2 foto
ISSN:1335-759X
Subjects:

MARC

LEADER 00000nab a2200000 a 4500
001 vtls001020657
003 SK-MaSNL
005 20260303192244.0
008 040720e20030624xo 0 slo
035 |a SN6559 
040 |a SNSK  |b slo  |c SNSK  |e AACR2 
041 0 |a slo 
044 |a xo  |c SK 
080 |a 351.9  |2 1981 
080 |a 353.2  |2 1981 
080 |a 331.126.4  |2 1981 
100 1 |a Kizek, Marián  |4 aut  |9 877271 
245 1 0 |a Správa hlavného kontrolóra košického VÚC V.Farkaša dáva podnet na odvolanie viacerých riaditeľov ...  |b regionálna samospráva 
300 |b 2 foto 
610 2 7 |a Košický samosprávny kraj (Slovensko).  |b Úrad  |2 SNSK  |9 30611 
650 0 7 |a kontroly  |2 SNSK  |9 873611 
650 0 7 |a zmeny personálne  |2 SNSK  |9 873347 
651 7 |a Košice (Slovensko)  |2 SNSK  |9 18694 
651 7 |a Spišská Nová Ves (Slovensko)  |2 SNSK  |9 28800 
651 7 |a KE,  |2 SNSK  |9 877256 
655 7 |a periodikum  |2 snkbucl  |9 29553 
710 2 |a Košický samosprávny kraj (Slovensko).  |b Úrad  |4 aut  |9 30611 
773 0 8 |t Spišský denník  |g Roč. 5, č.144, 24.6.2003, s. 2  |x 1335-759X 
852 |a ZVYKNI  |b KIS3GCP 
999 |c 2145162  |d 2147092